[Event "Tarrasch Defence KO"]
[Site "SchemingMind.com"]
[Date "2009.03.20"]
[Round "-"]
[White "maro"]
[Black "agulla"]
[Result "0-1"]
[WhiteCountry "MEX"]
[BlackCountry "ESP"]
[WhiteElo "1340"]
[WhiteRD "48"]
[BlackElo "1727"]
[BlackRD "85"]
[GameID "197164"]

1. d4 d5 2. c4 e6 3. Nc3 c5 4. Qa4+ Nc6 5. e3 Nf6 6. g3 cxd4 7. exd4 Be7 8. Bg5 O-O 9. Bd3 dxc4 10. Bxc4 Qxd4
11. Nce2 Qxb2 12. Rd1 Qe5 13. h4 Qa5+ 14. Qxa5 Nxa5 15. Bb5 Bb4+ 16. Bd2 Bxd2+ 17. Rxd2 b6 18. f3 Bb7 19. Rd3 Rfd8 20. Nh3 Rxd3
21. Bxd3 Bxf3 22. O-O Bd5 23. Nhf4 Bxa2
0-1

[Event "Tarrasch Defence KO"]
[Site "SchemingMind.com"]
[Date "2009.03.20"]
[Round "-"]
[White "agulla"]
[Black "maro"]
[Result "1-0"]
[WhiteCountry "ESP"]
[BlackCountry "MEX"]
[WhiteElo "1727"]
[WhiteRD "85"]
[BlackElo "1340"]
[BlackRD "48"]
[GameID "197167"]

1. d4 d5 2. c4 e6 3. Nc3 c5 4. cxd5 exd5 5. dxc5 d4 6. Ne4 Bd7 7. b4 Bb5 8. a4 Bc4 9. Qc2 b5 10. Nd2 d3
11. exd3 Qe7+ 12. Be2 Bd5 13. Ngf3 Bxf3 14. Nxf3 Nf6 15. axb5 Nbd7 16. O-O Qe6 17. b6 a6 18. d4 Qd5 19. Rxa6 Be7 20. Rxa8+ Qxa8
21. b7 Qxb7 22. c6 Qc7 23. cxd7+ Qxd7 24. Ne5 Qd5 25. Bf3 Qxd4 26. Rd1 Qxe5 27. Qc8+
1-0

[Event "Tarrasch Defence KO"]
[Site "SchemingMind.com"]
[Date "2009.04.01"]
[Round "-"]
[White "Wojciech  Langer"]
[Black "mors ater"]
[Result "1-0"]
[WhiteCountry "INT"]
[BlackCountry "USA"]
[WhiteElo "1722"]
[WhiteRD "70"]
[BlackElo "1410"]
[BlackRD "116"]
[GameID "198677"]

1. d4 d5 2. c4 e6 3. Nc3 c5 4. e3 Nf6 5. Nf3 Be7 6. cxd5 cxd4 7. exd4 exd5 8. Be2 O-O 9. O-O Nc6 10. a3 Bg4
11. Qd3 Bxf3 12. Bxf3 Bd6 13. Re1 h5 14. Bg5 Qc7 15. h3 Rae8 16. Bxf6 Rxe1+ 17. Rxe1 gxf6 18. Nxd5 Qa5 19. Nxf6+ Kg7 20. Qh7+ Kxf6
21. Qh6+ Kf5 22. Be4#
1-0

[Event "Tarrasch Defence KO"]
[Site "SchemingMind.com"]
[Date "2009.04.01"]
[Round "-"]
[White "mors ater"]
[Black "Wojciech  Langer"]
[Result "0-1"]
[WhiteCountry "USA"]
[BlackCountry "INT"]
[WhiteElo "1399"]
[WhiteRD "117"]
[BlackElo "1736"]
[BlackRD "71"]
[GameID "198682"]

1. d4 d5 2. c4 e6 3. Nc3 c5 4. cxd5 exd5 5. dxc5 Nf6 6. e3 Bxc5 7. a3 O-O 8. b4 Bb6 9. Bd3 Re8 10. f3 Bxe3
11. Bxe3 d4 12. Ne4 dxe3 13. Qe2 Qd4 14. g4 Qxa1+ 15. Qd1 Qxd1+ 16. Kxd1 Nxe4 17. Bxe4 Nc6 18. Ne2 Be6 19. Re1 Bb3+ 20. Kc1 Rac8
21. Kb2 Be6 22. Nc3 Red8 23. Rxe3 Rd2+ 24. Bc2 Nd4 25. h3 Rxc2+ 26. Kb1 R2xc3 27. Rxc3 Rxc3 28. f4 Rxa3 29. f5 Bxf5+ 30. gxf5 Rxh3
31. Kb2 Nxf5 32. b5 g5 33. Kc2 Re3 34. Kd2 g4 35. b6 axb6 36. Kc2 g3 37. Kd2 g2 38. Kc2 g1=Q 39. Kd2 Rh3 40. Ke2 Qg2+
0-1

[Event "Tarrasch Defence KO"]
[Site "SchemingMind.com"]
[Date "2009.04.08"]
[Round "-"]
[White "marble"]
[Black "jl1234"]
[Result "1-0"]
[WhiteCountry "ENG"]
[BlackCountry "POL"]
[WhiteElo "1977"]
[WhiteRD "57"]
[BlackElo "1768"]
[BlackRD "69"]
[GameID "199387"]

1. d4 d5 2. c4 e6 3. Nc3 c5 4. cxd5 cxd4 5. Qxd4 Nc6 6. Qd1 Nb4 7. e4 exd5 8. a3 Na6 9. exd5 Nc7 10. Qe2+ Qe7
11. Be3 Kd8 12. d6
1-0

[Event "Tarrasch Defence KO"]
[Site "SchemingMind.com"]
[Date "2009.04.08"]
[Round "-"]
[White "jl1234"]
[Black "marble"]
[Result "0-1"]
[WhiteCountry "POL"]
[BlackCountry "ENG"]
[WhiteElo "1768"]
[WhiteRD "69"]
[BlackElo "1977"]
[BlackRD "57"]
[GameID "199391"]

1. d4 d5 2. c4 e6 3. Nc3 c5 4. e4 dxe4 5. Nxe4 cxd4 6. Nf3 Nc6 7. Bf4 e5 8. Bd2 f5 9. Ng3 e4 10. Ng1 Nf6
11. h3 Bc5 12. a3 d3 13. Nh5 Nxh5 14. Qxh5+ g6 15. Qg5 Be7 16. Qe3 O-O 17. Bc3 Be6 18. b3 Bf6 19. Qd2 Nd4 20. Rb1 Nc2+
0-1

[Event "Tarrasch Defence KO"]
[Site "SchemingMind.com"]
[Date "2009.04.12"]
[Round "-"]
[White "lemmie"]
[Black "David Hartley"]
[Result "0-1"]
[WhiteCountry "NED"]
[BlackCountry "ENG"]
[WhiteElo "1754"]
[WhiteRD "52"]
[BlackElo "1895"]
[BlackRD "68"]
[GameID "199668"]

1. d4 d5 2. c4 e6 3. Nc3 c5 4. cxd5 exd5 5. Nf3 Nf6 6. Bg5 Be7 7. g3 cxd4 8. Nxd4 Nc6 9. Nxc6 bxc6 10. Bg2 Be6
11. O-O Rb8 12. b3 O-O 13. Qc2 Qd7 14. Rfd1 Rfc8 15. Na4 Bf5 16. Qc3 Ne4 17. Bxe4 Bxe4 18. Bf4 Rb5 19. Qd4 Bg6 20. Nc3 Bf6
21. Be5 Bxe5 22. Qxe5 Rbb8 23. e3 Re8 24. Qd4 Re7 25. Na4 Be4 26. Nc5 Qg4 27. Nxe4 Rxe4 28. Qxa7 Rbe8 29. a4 h5 30. Rd4 h4
31. Qc7 h3 32. Rxe4 Qxe4 33. Kf1 Qh1+ 34. Ke2 Qxa1 35. Qxc6 Qe5 36. a5 d4 37. a6 dxe3 38. a7 exf2+
0-1

[Event "Tarrasch Defence KO"]
[Site "SchemingMind.com"]
[Date "2009.04.12"]
[Round "-"]
[White "David Hartley"]
[Black "lemmie"]
[Result "1-0"]
[WhiteCountry "ENG"]
[BlackCountry "NED"]
[WhiteElo "1895"]
[WhiteRD "68"]
[BlackElo "1754"]
[BlackRD "52"]
[GameID "199671"]

1. d4 d5 2. c4 e6 3. Nc3 c5 4. cxd5 exd5 5. Nf3 Nf6 6. Bg5 Be7 7. dxc5 h6 8. Bh4 Be6 9. b4 Nc6 10. a3 a6
11. e3 O-O 12. Be2 Ne4 13. Bxe7 Qxe7 14. Rc1 Rad8 15. O-O Qf6 16. Qc2 Qg6 17. Rfe1 Bf5 18. Nh4 Qf6 19. Nxf5 Qxf5 20. f3 Nd6
21. cxd6 Qxc2 22. Rxc2 Rxd6 23. Rd2 Rfd8 24. Red1 d4 25. exd4 Nxd4 26. Bd3 Kf8 27. Ne4 R6d7 28. Nc5 Re7 29. Kf2 Ne6 30. Nxe6+ Rxe6
31. Be4 Rxd2+ 32. Rxd2 b5 33. Rc2 Ke7 34. Rc6
1-0

[Event "Tarrasch Defence KO"]
[Site "SchemingMind.com"]
[Date "2009.04.20"]
[Round "-"]
[White "Gary"]
[Black "Eggy"]
[Result "0-1"]
[WhiteCountry "ENG"]
[BlackCountry "ENG"]
[WhiteElo "1408"]
[WhiteRD "63"]
[BlackElo "1718"]
[BlackRD "92"]
[GameID "200969"]

1. d4 d5 2. c4 e6 3. Nc3 c5 4. cxd5 exd5 5. e3 Nf6 6. Bb5+ Bd7 7. Nge2 Bd6 8. O-O O-O 9. Bd2 a6 10. Bd3 c4
11. Bc2 Nc6
0-1

[Event "Tarrasch Defence KO"]
[Site "SchemingMind.com"]
[Date "2009.04.19"]
[Round "-"]
[White "klagefall"]
[Black "aadaam"]
[Result "1-0"]
[WhiteCountry "GER"]
[BlackCountry "INT"]
[WhiteElo "1981"]
[WhiteRD "68"]
[BlackElo "1710"]
[BlackRD "50"]
[GameID "200970"]

1. d4 d5 2. c4 e6 3. Nc3 c5 4. cxd5 exd5 5. Nf3 Nc6 6. g3 Nf6 7. Bg2 Be7 8. O-O O-O 9. Bg5 c4 10. Ne5 h6
11. Bxf6 Bxf6 12. Bxd5 Nxe5 13. dxe5 Bxe5 14. Bxc4 Bh3 15. Qxd8 Rfxd8 16. Rfd1 Bxc3 17. bxc3 Rxd1+ 18. Rxd1 Rc8 19. Bd5 Rxc3 20. Bxb7 Rc2
21. Rd8+ Kh7 22. Be4+
1-0

[Event "Tarrasch Defence KO"]
[Site "SchemingMind.com"]
[Date "2009.04.23"]
[Round "-"]
[White "Eggy"]
[Black "Gary"]
[Result "0-1"]
[WhiteCountry "ENG"]
[BlackCountry "ENG"]
[WhiteElo "1718"]
[WhiteRD "92"]
[BlackElo "1408"]
[BlackRD "63"]
[GameID "200977"]

1. d4 d5 2. c4 e6 3. Nc3 c5 4. Nf3 Nf6 5. cxd5 Nxd5 6. e4 Nf6 7. d5 exd5 8. exd5 Bg4 9. Be2 Bd6 10. O-O Nbd7
11. Bg5 O-O 12. Ne4 Bxf3 13. Bxf3 Be5 14. Qc2 b6 15. Rad1 Qe8
0-1

[Event "Tarrasch Defence KO"]
[Site "SchemingMind.com"]
[Date "2009.04.19"]
[Round "-"]
[White "aadaam"]
[Black "klagefall"]
[Result "0-1"]
[WhiteCountry "INT"]
[BlackCountry "GER"]
[WhiteElo "1710"]
[WhiteRD "50"]
[BlackElo "1981"]
[BlackRD "68"]
[GameID "200978"]

1. d4 d5 2. c4 e6 3. Nc3 c5 4. cxd5 exd5 5. Nf3 Nc6 6. e3 Nf6 7. Be2 Bd6 8. dxc5 Bxc5 9. O-O O-O 10. a3 Re8
11. b4 Bb6 12. Bb2 Bg4 13. Re1 Rc8 14. Qb3 d4 15. Ng5 dxc3 16. Nxf7 Qd5 17. Qxd5 Nxd5 18. Nd6 cxb2
0-1

[Event "Tarrasch Defence KO"]
[Site "SchemingMind.com"]
[Date "2009.04.20"]
[Round "-"]
[White "jtrochez1"]
[Black "Joe Daudish"]
[Result "0-1"]
[WhiteCountry "HON"]
[BlackCountry "USA"]
[WhiteElo "1534"]
[WhiteRD "51"]
[BlackElo "1730"]
[BlackRD "45"]
[GameID "201151"]

1. d4 d5 2. c4 e6 3. Nc3 c5 4. e3 dxc4 5. Bxc4 cxd4 6. Qxd4 Qxd4 7. exd4 Nf6 8. Be2 Be7 9. Bf3 Nc6 10. Nge2 Bd7
11. a3 a6 12. b4 Rd8 13. Be3 O-O 14. O-O Rfe8 15. Ne4 Nxe4 16. Bxe4 Bf6 17. Rab1 Bc8 18. h3 g6 19. Rfd1 Kg7 20. f4 h5
21. Bf3 Ne7 22. Bf2 Nd5 23. Bxd5 Rxd5 24. Rbc1 Bd7 25. Nc3 Rd6 26. Ne4 Rd5 27. Be3 Bc6 28. g4 hxg4 29. hxg4 Be7 30. Ng3 Rdd8
31. Bf2 Rh8 32. g5 Rh3 33. Kf1 Bd6 34. Rc3 Rh7 35. Be3 Rdh8 36. Rd2 Rh3 37. Kf2 Rh2+ 38. Kg1 Rxd2 39. Bxd2 Rh4 40. Ne2 Bb5
41. Kf2 Rh2+ 42. Kg3 Rxe2 43. Be3 Bc6 44. Rxc6 bxc6 45. Kf3 Rc2 46. Ke4 Rc3
0-1

[Event "Tarrasch Defence KO"]
[Site "SchemingMind.com"]
[Date "2009.04.20"]
[Round "-"]
[White "Joe Daudish"]
[Black "jtrochez1"]
[Result "1-0"]
[WhiteCountry "USA"]
[BlackCountry "HON"]
[WhiteElo "1730"]
[WhiteRD "45"]
[BlackElo "1534"]
[BlackRD "51"]
[GameID "201160"]

1. d4 d5 2. c4 e6 3. Nc3 c5 4. e3 Nf6 5. Nf3 Nc6 6. dxc5 Bxc5 7. cxd5 Nxd5 8. Nxd5 Qxd5 9. Qxd5 exd5 10. a3 O-O
11. Bd2 Be6 12. Bd3 h6 13. Rc1 Bd6 14. Ke2 Rfe8 15. Bc3 Rac8 16. Nd4 a6 17. Nxc6 bxc6 18. Bxa6 Rc7 19. Bd3 f5 20. g3 c5
21. Kd2 c4 22. Be2 Bf7 23. Bd4 Be5 24. Bxe5 Rd7 25. Bd4 Ra8 26. h4 h5 27. f3 Rb7 28. g4 fxg4 29. fxg4 hxg4 30. Bxg4 g6
31. h5 gxh5 32. Bxh5 Bxh5 33. Rxh5 Rh7 34. Rg1+
1-0

[Event "Tarrasch Defence KO"]
[Site "SchemingMind.com"]
[Date "2009.05.02"]
[Round "-"]
[White "marble"]
[Black "Schaakmaatje"]
[Result "1-0"]
[WhiteCountry "ENG"]
[BlackCountry "NED"]
[WhiteElo "1971"]
[WhiteRD "57"]
[BlackElo "1755"]
[BlackRD "49"]
[GameID "202330"]

1. d4 d5 2. c4 e6 3. Nc3 c5 4. cxd5 cxd4 5. Qa4+ Bd7 6. Qxd4 exd5 7. Qxd5 Nc6 8. Nf3 Nf6 9. Qc4 Be7 10. e4 Be6
11. Qa4 O-O 12. Bb5 Qc7 13. O-O Ng4 14. g3 Nge5 15. Nxe5 Nxe5 16. Bf4 Bf6 17. Rac1 Qe7 18. Be2 Rfd8 19. Rfd1 Rac8 20. Qxa7 Nc6
21. Qe3 Bd4 22. Qf3 g5 23. Nd5
1-0

[Event "Tarrasch Defence KO"]
[Site "SchemingMind.com"]
[Date "2009.05.01"]
[Round "-"]
[White "Schaakmaatje"]
[Black "marble"]
[Result "0-1"]
[WhiteCountry "NED"]
[BlackCountry "ENG"]
[WhiteElo "1755"]
[WhiteRD "49"]
[BlackElo "1971"]
[BlackRD "57"]
[GameID "202334"]

1. d4 d5 2. c4 e6 3. Nc3 c5 4. e3 Nc6 5. Nf3 Nf6 6. Be2 Be7 7. O-O O-O 8. b3 b6 9. Bb2 Bb7 10. Rc1 cxd4
11. Nxd4 Nxd4 12. exd4 Ne4 13. f3 Nxc3 14. Bxc3 Rc8 15. Bb2 Qd6 16. Qd2 dxc4 17. bxc4 h6 18. Rfe1 Bg5
0-1

[Event "Tarrasch Defence KO"]
[Site "SchemingMind.com"]
[Date "2009.05.12"]
[Round "-"]
[White "klagefall"]
[Black "Wojciech  Langer"]
[Result "1-0"]
[WhiteCountry "GER"]
[BlackCountry "INT"]
[WhiteElo "2009"]
[WhiteRD "61"]
[BlackElo "1703"]
[BlackRD "73"]
[GameID "204429"]

1. d4 d5 2. c4 e6 3. Nc3 c5 4. cxd5 exd5 5. Nf3 Nc6 6. g3 Nf6 7. Bg2 Be7 8. O-O O-O 9. Bg5 Ne4 10. Bxe7 Nxe7
11. dxc5 Nxc5 12. Nd4 Be6 13. e3 Qc7 14. Nxe6 fxe6 15. Qg4 Qe5 16. Qd4 Qc7 17. e4 Rad8 18. exd5 exd5 19. Rad1 Kh8 20. Rfe1 Rfe8
21. Nxd5 Qd6 22. Qf4 Qxf4 23. Nxf4 Rxd1 24. Rxd1 Kg8 25. Bf3 b6 26. Nd5 Kf8 27. Nxe7 Rxe7 28. Kg2 Rd7 29. Rxd7 Nxd7 30. Be4 h6
31. f4 Kf7 32. Kf3 Kf6 33. Ke3 Ke6 34. Kd4 Kd6 35. g4 a6 36. b4 a5 37. a3 axb4 38. axb4 Nf6 39. Bf3 Ne8 40. Be2 Nf6
41. Bf3 Ne8 42. h4 Nc7 43. Be4 Ne6+ 44. Ke3 Nc7 45. f5 Ke5 46. g5 hxg5 47. hxg5 Ne8 48. Kd3 Kd6 49. Kd4 Nc7 50. Bf3 Ne8
51. Bh5 Nc7 52. Bf7 Ke7 53. Bc4 Kd6 54. f6 g6 55. Bf7 Nb5+ 56. Kc4 Nc7 57. Kd4 Nb5+ 58. Kc4 Nc7 59. Bxg6 Ne6 60. f7 Ke7
61. Kb5 Nxg5 62. Kxb6 Ne6 63. Bb1 Nd4 64. Ba2 Kf8 65. b5
1-0

[Event "Tarrasch Defence KO"]
[Site "SchemingMind.com"]
[Date "2009.05.12"]
[Round "-"]
[White "Wojciech  Langer"]
[Black "klagefall"]
[Result "0-1"]
[WhiteCountry "INT"]
[BlackCountry "GER"]
[WhiteElo "1703"]
[WhiteRD "73"]
[BlackElo "2009"]
[BlackRD "61"]
[GameID "204442"]

1. d4 d5 2. c4 e6 3. Nc3 c5 4. Nf3 Nc6 5. a3 Nf6 6. Bg5 cxd4 7. Nxd4 Be7 8. e3 O-O 9. Be2 Nxd4 10. exd4 b6
11. O-O dxc4 12. Bxc4 Bb7 13. Qd3 Rc8 14. Rac1 Nd5 15. Be3 Qd7 16. Nxd5 Bxd5 17. Bb5 Bc6 18. Bxc6 Rxc6 19. Rc3 Rxc3 20. Qxc3 Rc8
21. Qd2 Bf6 22. h3 Rd8 23. Rd1 g6 24. b4 Qb5 25. Qc2 Qd7 26. Qe4 Qd5 27. Qf4 Bg7 28. Qc7 Qd7 29. Qxd7 Rxd7 30. Rd2 h5
31. h4 Kf8 32. Kf1 Ke7 33. Ke2 Kd6 34. Kd3 Kc6 35. a4 Kd5 36. Rc2 Bf8 37. b5 Bd6 38. Rc4 Rc7 39. Rc3 Rxc3+ 40. Kxc3 Ke4
41. Kd2 Be7 42. f3+ Kd5 43. Kd3 Bxh4 44. g4 Bf6 45. gxh5 gxh5 46. Bf4 Bxd4
0-1

[Event "Tarrasch Defence KO"]
[Site "SchemingMind.com"]
[Date "2009.05.29"]
[Round "-"]
[White "David Hartley"]
[Black "marble"]
[Result "1-0"]
[WhiteCountry "ENG"]
[BlackCountry "ENG"]
[WhiteElo "1884"]
[WhiteRD "71"]
[BlackElo "1925"]
[BlackRD "66"]
[GameID "205947"]

1. d4 d5 2. c4 e6 3. Nc3 c5 4. cxd5 exd5 5. Nf3 Nf6 6. g3 Nc6 7. Bg2 Be7 8. O-O O-O 9. dxc5 Bxc5 10. Bg5 h6
11. Bxf6 Qxf6 12. Qxd5 Bb6 13. Qd1 Be6 14. Rc1 Rad8 15. Qe1 Ba5 16. a3 Rde8 17. b4 Bb6 18. Qd2 Rd8 19. Qb2 Bd5 20. Rc2 Nd4
21. Nxd5 Rxd5 22. Nxd4 Bxd4 23. Qb1 Rd7 24. e3 Be5 25. Rfc1 Qe7 26. Rd1 Rfd8 27. Rxd7 Qxd7 28. Bf3 b6 29. Rc1 Qe7 30. Rd1 Rxd1+
31. Qxd1 Qf6 32. b5 g6 33. Bc6 a6 34. Qa4 axb5 35. Qxb5 Bc7 36. a4 h5 37. Qc4 Qa1+ 38. Kg2 Qf6 39. Bb5 Qe5 40. Qc2 Bd6
41. Bc4 Bc5 42. Qxg6+ Kh8 43. Bxf7 Qg7 44. Qxh5+ Qh7 45. Qxh7+ Kxh7 46. Kf3 Kg7 47. Bc4 Kf6 48. Ke4 Ke7 49. g4 Kf6 50. f4
1-0

[Event "Tarrasch Defence KO"]
[Site "SchemingMind.com"]
[Date "2009.05.29"]
[Round "-"]
[White "marble"]
[Black "David Hartley"]
[Result "1-0"]
[WhiteCountry "ENG"]
[BlackCountry "ENG"]
[WhiteElo "1977"]
[WhiteRD "63"]
[BlackElo "1873"]
[BlackRD "68"]
[GameID "205955"]

1. d4 d5 2. c4 e6 3. Nc3 c5 4. cxd5 exd5 5. Nf3 Nc6 6. dxc5 Nf6 7. Bg5 Be7 8. Bxf6 Bxf6 9. Nxd5 Bxb2 10. Rb1 Ba3
11. e4 Bxc5 12. Bb5 Bd7 13. O-O O-O 14. Bxc6 Bxc6 15. Rc1 b6 16. a4 Qd6 17. Qb3 Kh8 18. Rfd1 Qe6 19. Qd3 Rfd8 20. a5 Rd7
21. Nd4 Bxd4 22. Qxd4 Rad8 23. Qc4 Rd6 24. Rd4 h6 25. axb6 axb6 26. Rcd1 Rc8 27. Qa6 b5 28. Qa3 Rcd8 29. h3 Bxd5 30. exd5 Rxd5
31. Rxd5 Rxd5 32. Qa8+
1-0

[Event "Tarrasch Defence KO"]
[Site "SchemingMind.com"]
[Date "2009.06.23"]
[Round "-"]
[White "agulla"]
[Black "klagefall"]
[Result "0-1"]
[WhiteCountry "ESP"]
[BlackCountry "GER"]
[WhiteElo "1724"]
[WhiteRD "93"]
[BlackElo "2029"]
[BlackRD "59"]
[GameID "209219"]

1. d4 d5 2. c4 e6 3. Nc3 c5 4. cxd5 exd5 5. dxc5 d4 6. Ne4 Bf5 7. Nd6+ Bxd6 8. cxd6 Qxd6 9. Nf3 Nc6 10. e3 d3
11. Bd2 Nf6 12. Qb3 O-O-O 13. O-O-O Ne4
0-1

[Event "Tarrasch Defence KO"]
[Site "SchemingMind.com"]
[Date "2009.06.23"]
[Round "-"]
[White "klagefall"]
[Black "agulla"]
[Result "1-0"]
[WhiteCountry "GER"]
[BlackCountry "ESP"]
[WhiteElo "2029"]
[WhiteRD "59"]
[BlackElo "1724"]
[BlackRD "93"]
[GameID "209230"]

1. d4 d5 2. c4 e6 3. Nc3 c5 4. cxd5 exd5 5. Nf3 Nf6 6. Bg5 cxd4 7. Nxd4 Bb4 8. Qa4+ Nc6 9. Nxc6 Bxc3+ 10. bxc3 Qd7
11. Qd4 Qxc6 12. Bxf6 Qxf6 13. Qxf6 gxf6 14. O-O-O Be6 15. Rd4 O-O-O 16. g3 Rd6 17. Bg2 Rhd8 18. Rhd1 Kc7 19. e3 Kc6 20. Kb2 Kc5
21. Rf4 Rb6+ 22. Kc2 Ra6 23. a4 b5 24. Rdd4 Rb8 25. Bf1 Bd7 26. Bxb5 Bxb5 27. axb5 Rxb5 28. Rf5 Ra2+ 29. Kd3 Rbb2= 30. Rfxd5+ Kc6
31. Rd6+ Kc7 32. Rxf6 Rd2+ 33. Kc4
1-0

[Event "Tarrasch Defence KO"]
[Site "SchemingMind.com"]
[Date "2009.07.18"]
[Round "-"]
[White "klagefall"]
[Black "marble"]
[Result "1-0"]
[WhiteCountry "GER"]
[BlackCountry "ENG"]
[WhiteElo "2045"]
[WhiteRD "56"]
[BlackElo "1873"]
[BlackRD "66"]
[GameID "212832"]

1. d4 d5 2. c4 e6 3. Nc3 c5 4. e3 Nf6 5. Nf3 Nc6 6. a3 dxc4 7. Bxc4 cxd4 8. exd4 Be7 9. O-O O-O 10. Re1 b6
11. Bf4 Bb7 12. Rc1 Rc8 13. Ba2 Bd6 14. Ne5 Bxe5 15. dxe5 Qxd1 16. Rcxd1 Nh5 17. Bg5 h6 18. Bh4 Ne7 19. Bxe7 Rfe8 20. Bh4 Nf4
21. f3 g5 22. Bg3 Ng6 23. Ne4 Bxe4 24. Rxe4 Rc2 25. Rb1 Rd8 26. Bb3 Rc5 27. Ree1 h5 28. Rbd1 Rdc8 29. a4 a6 30. Bf2 R5c6
31. Rd6 Nf4 32. Bxb6 Nd3 33. Rxd3 Rxb6 34. Ree3 Kf8 35. Kf2 Rb4 36. Ke2 Ke7 37. Rc3 Rd8 38. Red3 Rxd3 39. Rxd3 f6 40. exf6+ Kxf6
41. Kd2 a5 42. Kc3 Ke5 43. Re3+ Kf4 44. Re4+ Rxe4 45. fxe4 Kxe4 46. Bxe6 Ke3 47. h3
1-0

[Event "Tarrasch Defence KO"]
[Site "SchemingMind.com"]
[Date "2009.07.18"]
[Round "-"]
[White "marble"]
[Black "klagefall"]
[Result "0-1"]
[WhiteCountry "ENG"]
[BlackCountry "GER"]
[WhiteElo "1873"]
[WhiteRD "66"]
[BlackElo "2045"]
[BlackRD "56"]
[GameID "212841"]

1. d4 d5 2. c4 e6 3. Nc3 c5 4. cxd5 cxd4 5. Qa4+ Bd7 6. Qxd4 exd5 7. Qxd5 Nf6 8. Qd1 Bc5 9. e3 Nc6 10. Nf3 Qe7
11. Be2 O-O-O 12. O-O g5 13. Qc2 Kb8 14. a3 g4 15. Nd2 Ne5= 16. b4 Bb6 17. Bb2 Rc8 18. Rac1 Rc7 19. Nde4 Bf5 20. Bd3 Nxd3
21. Qxd3 Nxe4 22. Nd5 Qd8 23. Rxc7 Bxc7 24. Bxh8 Ng3 25. Qc4 Nxf1 26. Nxc7 Qxc7 27. Qxf1 Qc2 28. Be5+ Kc8 29. h3 gxh3= 30. gxh3 Be6
31. Kh2 Bd5 32. Qg1 h5 33. Qg8+ Kd7 34. Kg3 Qe4 35. Qg5 h4+ 36. Qxh4 Qf3+
0-1